000 00504nam a2200181Ia 4500
001 1706
005 20260306143748.0
008 260306t2007||||xx |||||||||||||| ||spa||
041 _aESP
082 _a155.2
_bB38
100 _aBeláustegui, Gustavo Daniel
_eAUT
245 0 _aRepresentaciones Interpersonales:
_bImagenes y Huellas del Self: Cuerpo,afectividad y conciencia.
260 _c2007
300 _a379 páginas :
_c21 x 15 cm.
650 _aGEN
654 _aCPS
942 _cLIB
_dJUS
_fJUS
_2ddc
_n
999 _c1706
_d1706